Statistics for Every station in SCR

Click here to take the quiz!

General Stats

  • This quiz has been taken 6 times
  • The average score is 64 of 70

Answer Stats

Answer% Correct
Airport West
100%
Angel Pass
100%
Ashlan Park
100%
Benton
100%
Benton Bridge
100%
Bodin
100%
Cambridge Street Parkway
100%
City Hospital
100%
Coxly
100%
Eden Quay
100%
Edgemead
100%
Esterfield
100%
Faraday Road
100%
Farleigh
100%
Greenslade
100%
Hampton Hargate
100%
Hemdon Park
100%
Leighton City
100%
Leighton Stepford Road
100%
Leighton West
100%
Millcastle
100%
Millcastle Racecourse
100%
Morganstown
100%
Morganstown Docks
100%
Newry
100%
Newry Harbour
100%
Northshore
100%
Port Benton
100%
Rocket Parade
100%
Rosedale Village
100%
Stepford Airport Central
100%
Stepford Airport Parkway
100%
Stepford Central
100%
Stepford East
100%
Stepford High Street
100%
Stepford United Football Club
100%
Stepford Victoria
100%
Water Newton
100%
West Benton
100%
Westwyvern
100%
Whitefield
100%
Whitefield Lido
100%
Whitney Green
100%
Willowfield
100%
Airport Terminal 1
80%
Airport Terminal 2
80%
Airport Terminal 3
80%
Beaulieu Park
80%
Beechley
80%
Berrily
80%
Connolly
80%
East Berrily
80%
Elsemere Junction
80%
Elsemere Pond
80%
Faymere
80%
Financial Quarter
80%
Houghton Rake
80%
James Street
80%
Llyn-By-The-Sea
80%
New Harrow
80%
Robinson Way
80%
Starryloch
80%
St Helens Bridge
80%
Upper Staploe
80%
Upper Staploe
80%
Westercoast
80%
Woodhead Lane
80%
Berrily Denton Road
60%
Coxly Newton
60%
Winstree
40%

Score Distribution

Percentile by Number Answered

Percent of People with Each Score

Your Score History

You have not taken this quiz